Психология спорта: хрестоматия

Bibliographic Details
Other Authors: Тарас А. Е. (редактор)
Summary:В данной хрестоматии рассмотрен следующий круг вопросов: личность спортсмена и тренера, психические состояния спортсмена, социально-психологические аспекты спорта, методы психической регуляции в спорте. При этом основное внимание уделено изложению научно обоснованных и проверенных в спортивной деятельности практических рекомендаций. Хрестоматия составлена из отдельных глав книг и статей нескольких иностранных спортивных психологов, в основном — американских. Это Б. Кретти, Д. Найдиффер и другие. Все перепечатываемые материалы были значительно сокращены и заново отредактированы. Хрестоматия предназначена тренерам, спортивным психологам, спортсменам.
Language:Russian
Published: Москва, АСТ, 2007
Series:Библиотека практической психологии
Subjects:
Format: Book
KOHA link:https://koha.lib.tpu.ru/cgi-bin/koha/opac-detail.pl?biblionumber=120932

MARC

LEADER 00000nam0a2200000 4500
001 120932
005 20231031125215.0
010 |a 9785170333684 
010 |a 978-985-16-0956-3 
035 |a (RuTPU)RU\TPU\book\130949 
090 |a 120932 
100 |a 20070906d2007 m y0rusy50 ca 
101 0 |a rus 
102 |a RU  |a BY 
105 |a y j 001zy 
200 1 |a Психология спорта  |e хрестоматия  |f составитель-редактор А. Е. Тарас 
210 |a Москва  |c АСТ  |a Минск  |c Харвест  |d 2007 
215 |a 352 с. 
225 1 |a Библиотека практической психологии 
320 |a Библиография: с. 346. 
330 |a В данной хрестоматии рассмотрен следующий круг вопросов: личность спортсмена и тренера, психические состояния спортсмена, социально-психологические аспекты спорта, методы психической регуляции в спорте. При этом основное внимание уделено изложению научно обоснованных и проверенных в спортивной деятельности практических рекомендаций. Хрестоматия составлена из отдельных глав книг и статей нескольких иностранных спортивных психологов, в основном — американских. Это Б. Кретти, Д. Найдиффер и другие. Все перепечатываемые материалы были значительно сокращены и заново отредактированы. Хрестоматия предназначена тренерам, спортивным психологам, спортсменам. 
610 1 |a психология 
610 1 |a спорт 
610 1 |a личность 
610 1 |a спортсмены 
610 1 |a тренеры 
610 1 |a мотивация 
610 1 |a психические процессы 
610 1 |a внимание 
610 1 |a возбуждение 
610 1 |a тревожность 
610 1 |a агрессивность 
610 1 |a лидерство 
610 1 |a болельщики 
610 1 |a самооценка 
610 1 |a саморегуляция 
610 1 |a гипноз 
610 1 |a аутогенная тренировка 
610 1 |a хрестоматии 
610 1 |a учебные пособия 
686 |a Ю943я73  |v LBC/SL-A  |2 rubbk 
702 1 |a Тарас  |b А. Е.  |4 340 
801 1 |a RU  |b 63413507  |c 20070906  |g PSBO 
801 2 |a RU  |b 63413507  |c 20120409  |g PSBO 
900 |a Психология 
900 |a Психология физической культуры и спорта 
942 |c BK 
959 |a 54/20070906  |d 5  |e 165,00  |f УФ:5